| 000 -LEADER |
| fixed length control field |
00320nam a22001457a 4500 |
| 008 - FIXED-LENGTH DATA ELEMENTS--GENERAL INFORMATION |
| fixed length control field |
221102b ||||| |||| 00| 0 eng d |
| 020 ## - INTERNATIONAL STANDARD BOOK NUMBER |
| International Standard Book Number |
0394350766 |
| 041 ## - LANGUAGE CODE |
| Language code of text/sound track or separate title |
eng |
| 080 ## - UNIVERSAL DECIMAL CLASSIFICATION NUMBER |
| Universal Decimal Classification number |
51 |
| 082 ## - DEWEY DECIMAL CLASSIFICATION NUMBER |
| Classification number |
51 BOA |
| 100 ## - Rafti |
| Rafti |
20.1 |
| 101 ## - Shkurtesa |
| Shkurtesa |
MATE |
| 245 ## - TITLE STATEMENT |
| Title |
INVITATION TO COMPLEX ANALYSIS |
| Statement of responsibility, etc |
R.P.BOAS |
| 942 ## - ADDED ENTRY ELEMENTS (KOHA) |
| Source of classification or shelving scheme |
|
| Item type |
Books |